Detalles MARC
| 000 -LEADER |
| campo de control de longitud fija |
02778nam a22003497a 4500 |
| 001 - NÚMERO DE CONTROL |
| campo de control |
42835 |
| 003 - IDENTIFICADOR DE NÚMERO DE CONTROL |
| campo de control |
gtgccic |
| 005 - FECHA Y HORA DE LA ÚLTIMA TRANSACCIÓN |
| campo de control |
20260316112419.0 |
| 007 - CAMPO FIJO DE DESCRIPCIÓN FÍSICA--INFORMACIÓN GENERAL |
| campo de control de longitud fija |
ta |
| 008 - DATOS DE LONGITUD FIJA--INFORMACIÓN GENERAL |
| campo de control de longitud fija |
260316b gt ||||| |||| 00| 0 spa d |
| 040 ## - FUENTE DE CATALOGACIÓN |
| Centro catalogador/agencia de origen |
gtgccic |
| Lengua de catalogación |
spa |
| Centro/agencia transcriptor |
gtgccic |
| Normas de descripción |
rda |
| 084 ## - OTRO NÚMERO DE CLASIFICACIÓN |
| Número de control del registro de autoridad o número normalizado |
TPI-18-0140 |
| 100 10 - ENTRADA PRINCIPAL--NOMBRE DE PERSONA |
| Nombre de persona |
Luis Carlos Leonardo Bolaños Méndez |
| Fechas asociadas al nombre |
Ingeniero Electrónico |
| Término indicativo de función/relación |
autor |
| 245 10 - MENCIÓN DEL TÍTULO |
| Título |
Análisis estadístico del rendimiento académico en los cursos profesionales de los estudiantes de |
| Resto del título |
Ingeniería Mecánica de la Universidad de San Carlos de Guatemala, durante los años 2010 a 2015 / |
| Mención de responsabilidad, etc. |
Bolaños Méndez, Luis Carlos Leonardo |
| 264 #1 - PRODUCCIÓN, PUBLICACIÓN, DISTRIBUCIÓN, FABRICACIÓN Y COPYRIGHT |
| Producción, publicación, distribución, fabricación y copyright |
Guatemala : |
| Nombre del de productor, editor, distribuidor, fabricante |
USAC, Facultad de Ingeniería ; |
| Fecha de producción, publicación, distribución, fabricación o copyright |
2018. - |
| 300 ## - DESCRIPCIÓN FÍSICA |
| Extensión |
71 p. : |
| Otras características físicas |
il. ; |
| Dimensiones |
28 cm |
| 336 ## - TIPO DE CONTENIDO |
| Fuente |
rdacontenido |
| Término de tipo de contenido |
Texto |
| Código de tipo de contenido |
txt |
| 337 ## - TIPO DE MEDIO |
| Fuente |
rdamedio |
| Nombre/término del tipo de medio |
sin mediación |
| Código del tipo de medio |
n |
| 338 ## - TIPO DE SOPORTE |
| Fuente |
rdasoporte |
| Nombre/término del tipo de soporte |
volumen |
| Código del tipo de soporte |
nc |
| 502 ## - NOTA DE TESIS |
| Nota de tesis |
Tesis Posgrado |
| Tipo de título |
MAESTRO EN ESTADÍSTICA APLICADA |
| Nombre de la institución que otorga el título |
USAC, Facultad de Ingeniería, Escuela de Posgrado |
| Año de obtención del título |
2018 |
| Identificador de la tesis |
TPI-18-0140 |
| 504 ## - NOTA DE BIBLIOGRAFÍA, ETC. |
| Nota de bibliografía, etc. Nota |
Bibliofrafía pag. 63 |
| 505 ## - NOTA DE CONTENIDO CON FORMATO |
| Título |
1. MARCO REFERENCIAL |
| 505 ## - NOTA DE CONTENIDO CON FORMATO |
| Título |
2. MARCO TEÓRICO (Rendimiento académico) |
| 505 ## - NOTA DE CONTENIDO CON FORMATO |
| Título |
3. PRESENTACIÓN DE RESULTADOS (Resumen estadístico de los datos) |
| 505 ## - NOTA DE CONTENIDO CON FORMATO |
| Título |
4. DISCUSIÓN DE RESULTADOS |
| 520 #3 - RESUMEN, ETC. |
| Sumario, etc. |
La Facultad de Ingeniería de la Universidad de San Carlos cuenta con diferentes carreras acreditadas por la ACAAI, una de ellas es Ingeniería Mecánica. En la actualidad, la Escuela de Mecánica carece de estudios recientes del redimiento y avance de sus estudiantes, por lo que fue necesario efectuar un estudio del rendimiento académico de los estudiantes.<br/>Para efectuar el estudio se tomaron las notas finales de curso de los estudiantes de esta Escuela, esto es 9 282 notas de cursos que van del año 2010 a 2015. Se determinó, por medio de la prueba de kolmogorov-Smirnov, que los datos no se ajustan a la distribución normal; se agruparon las notas de los estudiantes de acuerdo a los criterios siguientes: cursos, género, año de ingreso a la Facultad de Ingeniería, periodos de la carrera. Con estos datos se calcularon notas promedios, porcentajes de avances e índices de avances por créditos; a estos valores se les aplicó la prueba de Kruskal-Wallis para igualdad de medias, y se determinó que las notas promedio y porcentajes de aprobación enlos cursos de la carrera se comportan estadísticamente de manera diferente; también se verificó que tanto hombres como mujeres tienen similar rendimiento académico, además se observó que los estudiantes atrasados tienen rendimiento académico inferior a los que no van atrasados. |
| 650 ## - PUNTO DE ACCESO ADICIONAL DE MATERIA--TÉRMINO DE MATERIA |
| Término de materia o nombre geográfico como elemento de entrada |
CURSOS |
| 650 ## - PUNTO DE ACCESO ADICIONAL DE MATERIA--TÉRMINO DE MATERIA |
| Término de materia o nombre geográfico como elemento de entrada |
INGENIERÍA MECÁNICA |
| 700 ## - ENTRADA AGREGADA--NOMBRE PERSONAL |
| Nombre de persona |
Mtro. Edwin Adalberto Bracamonte Orozco |
| Término indicativo de función/relación |
asesor |
| 942 ## - ELEMENTOS DE ENTRADA SECUNDARIOS (KOHA) |
| Fuente de la clasificación o esquema de estantería |
Clasificación Decimal Dewey |
| Tipo de ítem Koha |
TESISPOSTGRADO |
| 945 ## - PROCESAMIENTO DE INFORMACIÓN LOCAL (OCLC) |
| a |
amlo |